000 00569nam a2200181Ia 4500
008 100921s9999 xx 000 0 und d
082 _b39607
_a891.463 न 04
100 _aमुजावर बशीर.
245 _aकवच.
260 _bपायल प्रकाशन,पुणे.
_c2004
300 _a200
_bकलाभारती वितरण,पुणे
365 _b170
520 _aललित-कादंबरी.
630 _aकवच.
650 _aललित-कादंबरी.
730 _aकवच.
942 _cBOOK
999 _c788720
_d788717